000 00587nam a2200193Ia 4500
003 GCL
008 140319s9999 xx 000 0 ara d
040 _aGCL /
_cGCL
082 0 4 _a913.02
_bى ف
100 1 _aيسرى الجوهرى
245 1 0 _aالفكر الجغرافى والكشوف الجغرافية /
_cيسرى الجوهرى
260 _a[S.N] :
_bمنشاة المعارف الاسلامية ،
_c1975
300 _a343 ص
490 _a
650 0 4 _aالرحلات
650 0 4 _aالجغرافيا
650 0 4 _aالكشوف الجغرافية
942 _2ddc
_cBK
999 _c58474
_d58474